000 00447nam a2200157Ia 4500
008 240126s9999 xx 000 0 und d
022 _a0975-6116
041 _aEnglish
082 _aLIBRARY-XV
245 0 _aInternational Journal of Computer Engineering (IJCE) (2012 -
260 _bInternational Science Press
_aGurgaon
440 _aNULL
650 _aComputer Science
650 _aComputer,(IJCE),(2012,-,Computer Science
942 _cJN
999 _c276980
_d276980